000 00401nam a2200145Ia 4500
008 230411s9999 xx 000 0 und d
020 _a978-81-239-2595-0
041 _aeng
082 _aF/610.7361/ELS/B08358
100 _aElsa Sanatombi
_9178412
245 _aAdvanced Concepts in Nursing
260 _bCBS Publishers & Distributors
_aNew Delhi
_c2016
300 _a128p
999 _c158104
_d158104